|
|
|
|
| LEADER |
00000cam a2200000 7i4500 |
| 001 |
0000121908 |
| 005 |
20170317.0 |
| 008 |
170317s2016 my a b 000 1 eng |
| 020 |
|
|
|a 9789675602580(set)
|
| 020 |
|
|
|a 9789675602634
|
| 040 |
|
|
|a PERPUSTAM
|b eng
|c PERPUSTAM
|e rda
|
| 090 |
0 |
0 |
|a J 823
|b TMF
|
| 100 |
1 |
|
|a Tuan Mohd Fadlan Tuan Jaafar ,
|e author
|
| 245 |
1 |
0 |
|a Independence Day
|c written by Tuan Mohd. Fadlan ; edited by Uma Vallicelli
|
| 264 |
3 |
1 |
|a Subang Jaya, Selangor :
|b FOCUS LEARNING PUBLICATIONS
|c [2016?]
|
| 300 |
|
|
|a 14 pages :
|b colour illustrations ;
|c 22 cm.
|
| 336 |
|
|
|a text, rdacontent
|
| 337 |
|
|
|a unmediated
|2 rdamedia
|
| 338 |
|
|
|a volume
|2 rdacarrier
|
| 490 |
1 |
|
|a PRIMARY FOCUS SERIES
|
| 650 |
|
0 |
|a Children's stories, English
|
| 700 |
0 |
|
|a Uma Vallicelli ,
|e editor
|
| 830 |
|
0 |
|a Primary focus series
|
| 999 |
|
|
|a 0000427504
|b Buku
|c Koleksi Pinjaman Kanak-Kanak
|e Perbadanan Perpustakaan Awam Melaka
|
| 999 |
|
|
|a 0000427505
|b Buku
|c Koleksi Pinjaman Kanak-Kanak
|e Perpustakaan Cawangan Jasin
|
| 999 |
|
|
|a 0000427506
|b Buku
|c Koleksi Pinjaman Kanak-Kanak
|e Perpustakaan Cawangan Masjid Tanah
|
| 999 |
|
|
|a 0000427507
|b Buku
|c Koleksi Pinjaman Kanak-Kanak
|e Perpustakaan Cawangan Merlimau
|
| 999 |
|
|
|a 0000427508
|b Buku
|c Koleksi Pinjaman Kanak-Kanak
|e Perbadanan Perpustakaan Awam Melaka
|